Responses for Show #62 - Tuesday, December 4, 1984

Contestants

[<< previous game]

Richard Landon, a restaurant manager from Santa Cruz, California

Mary Mason, a psychology student originally from Bakersfield, California

Daniel Elias, an advertising copywriter from New York City (whose 1-day cash winnings total $10,100)

[next game >>]

Jeopardy! Round responses

WASHINGTON D.C.
COLORS
SPORTS
A LA "CART"
FOOD
MOVIE TRIVIA
    $100 1
the District of Columbia

Dan
    $100 11
red

Richard
    $100 21
(Alex: Most of mine do that, at any rate.)

a shopping cart

Dan
    $100 8
mustard

Mary
    $100 17
Shirley Temple

Dan
    $200 2
Georgetown

Richard
    $200 13
black

Richard
    $200 24
a let ball

Dan
    $200 22
(Alex: Less than a minute to go in the round.)

a cartwheel

Dan
    $200 9
(Alex: There's a category for everyone on this show.)
(Mary: [Laughs] You can tell this one's mine!)

pasta

Mary
    $1,000 18
Rocky III

Dan
    $300 4
the Potomac River

Dan
    $300 14
blue

Mary
    $300 3
the Daily Double

Dan
    $300 23
(Dan: What is a... cassette?)
(Mary: What is...)

a (tape) cartridge

DanMaryRichard
    $300 10
an avocado

Dan
    $300 25
the Dorothy Chandler Pavilion

Dan
    $400 5
Capitol Hill

Dan
    $400 19
the Great White Way

Richard
    $400 7
self-contained underwater breathing apparatus

Mary
    $400 27
(Dan: Who is...)
...
[The end-of-round signal sounds.]

Jimmy Carter

DanRichard
    $400 15
an artichoke

Mary
    $400 26
(Dan: Who is Jerry Lewis?)

Tony Curtis

Dan
Triple Stumper
    $500 6
(Dan: Who is Allen Foster Dulles?)
...
(Alex: You got the two famous Mr. Dulleses mixed up there, Dan. Allen was former director of the CIA.)

John Foster Dulles

DanRichard
    $500 20
blue, green, and red

Dan
    $500 12
(Mary: What is black?)

yellow (or gold)

DanMary
    $500 16
brownies

Mary

Scores at the first commercial break (after clue 10):

Dan Mary Richard
$900 $700 $700

Scores at the end of the Jeopardy! Round:

Dan Mary Richard
$2,700 $1,100 $2,100

Double Jeopardy! Round responses

EUROPE
BIG BANDS
NOTORIOUS
BIRDS
BEES
POLITICS
    $200 23
the Netherlands

Dan
    $200 1
Lawrence Welk

Dan
    $200 2
the Ku Klux Klan

Richard
    $200 24
the cardinal

Dan
    $200 15
a bumblebee

Dan
    $200 19
[ERRATUM: [*] ran for president in 1972.]

Dr. Spock

Richard
    $400 3
(Alex: No, you can't go to EUROPE for $400--it's more expensive than that...)
...
(Dan: What is Norway?)

Sweden

DanMary
    $400 4
Glenn Miller

Mary
    $400 11
Abscam

Dan
    $400 25
feathers

Dan
    $400 18
(Alex: I'm having trouble with my mouth today.)

a beekeeper

Dan
    $400 20
Scoop Jackson

Dan
    $600 6
(Richard: I'll try to get to EUROPE for $600 this time.)
(Alex: You can do that.)
...
(Dan: I don't know, I'm sorry.)

Italy

DanRichard
    $600 5
(Mary: Who is Harry James?)
...
(Alex: He was not wed to them at the same time, by the way. Wanted to clear that up.)

Artie Shaw

MaryRichard
    $600 12
Attica

Dan
    $600 26
the endangered species list

Richard
    $600 16
a swarm

Dan
    $600 21
Great Britain

Dan
    $800 7
Constantine (II)

Mary
    $800 9
Lionel Hampton

Mary
    $800 13
(Dan: What is "Lucky"... somebody?)

"Lucky" Luciano

DanRichard
    $1,900 17
a drone, a queen, and a worker

Dan
    $800 22
(Alex: We've got less than a minute to go in the game.)

Claude Pepper

Dan
    $1,000 8
(Mary: What is Turkey?)
(Alex: You were not too far away geographically, but the correct question is...)

Albania

Mary
    $1000 10
(Mary: Who is Guy Lombardo?)
...
(Alex: Mary got confused, was thinking of the royal Canadians.)

Duke Ellington

MaryRichard
    $1000 14
Clifford Irving

Mary
    $1000 27
(Dan: What is four years?)
(Mary: What are six years?)
(Alex: Richard? Gonna coast?)
(Richard: I'll coast.)
...
(Alex: [*] terms in Arkansas, Vermont, Rhode Island, and New Hampshire.)
[The end-of-round signal sounds.]

two years

DanMary
Triple Stumper

Scores at the end of the Double Jeopardy! Round:

Dan Mary Richard
$6,800 $900 $6,100

[wagering suggestions for these scores]

Final Jeopardy! Round responses

U.S. PRESIDENTS
[NOTE: Ronald Reagan had 525 electoral votes pledged to him in the 1984 election by the time this show aired. However, those votes were not officially cast for him (by the members of the electoral college) until after the show aired.]
MaryWho was L. B. Johnson
$900
RichardWho is Richard Nixon?
$6,100
DanWho was Richard Nixon?
$5,800
Franklin D. Roosevelt

Final scores:

Dan Mary Richard
$1,000 $0 $0
2-day champion: $11,100 3rd place: a balans chair 2nd place: china and a range

Game dynamics:

Coryat scores:

Dan Mary Richard
$4,900 $1,900 $6,100
26 R
(including 2 DDs),
8 W
11 R,
6 W
(including 1 DD)
14 R,
0 W

Combined Coryat: $12,900

[game clues] [game scores] [suggest correction]

Game tape date: 1984-09-18
The J! Archive is created by fans, for fans. Scraping, republication, monetization, and malicious use prohibited; this site may use cookies and collect identifying information. See terms. The Jeopardy! game show and all elements thereof, including but not limited to copyright and trademark thereto, are the property of Jeopardy Productions, Inc. and are protected under law. This website is not affiliated with, sponsored by, or operated by Jeopardy Productions, Inc. Join the discussion at JBoard.tv.